| 000 | 00373nam a2200157Ia 4500 | ||
|---|---|---|---|
| 008 | 230524s9999 xx 000 0 und d | ||
| 082 | _bVAI | ||
| 100 |
_aR.S.Vaishwanar _942853 |
||
| 245 | 0 | _aTheory Of Structures | |
| 250 | _a1 | ||
| 260 |
_aNew Delhi _bJain Brothers _c2008 |
||
| 300 | _a"XII,792p;" | ||
| 500 | _aQuantity Number: 1 | ||
| 650 | _aCivil | ||
| 942 | _cBK | ||
| 999 |
_c57826 _d57826 |
||